<?xml version="1.0" encoding="UTF-8"?><?xml-stylesheet type="text/xsl" href="static/style.xsl"?><OAI-PMH xmlns="http://www.openarchives.org/OAI/2.0/" xmlns:xsi="http://www.w3.org/2001/XMLSchema-instance" xsi:schemaLocation="http://www.openarchives.org/OAI/2.0/ http://www.openarchives.org/OAI/2.0/OAI-PMH.xsd"><responseDate>2026-04-17T05:28:33Z</responseDate><request verb="GetRecord" identifier="oai:www.recercat.cat:2117/446385" metadataPrefix="marc">https://recercat.cat/oai/request</request><GetRecord><record><header><identifier>oai:recercat.cat:2117/446385</identifier><datestamp>2025-11-16T18:09:55Z</datestamp><setSpec>com_2072_1033</setSpec><setSpec>col_2072_452951</setSpec></header><metadata><record xmlns="http://www.loc.gov/MARC21/slim" xmlns:dcterms="http://purl.org/dc/terms/" xmlns:xsi="http://www.w3.org/2001/XMLSchema-instance" xmlns:doc="http://www.lyncode.com/xoai" xsi:schemaLocation="http://www.loc.gov/MARC21/slim http://www.loc.gov/standards/marcxml/schema/MARC21slim.xsd">
   <leader>00925njm 22002777a 4500</leader>
   <datafield ind2=" " ind1=" " tag="042">
      <subfield code="a">dc</subfield>
   </datafield>
   <datafield ind2=" " ind1=" " tag="720">
      <subfield code="a">Šehović, Sara-Medina</subfield>
      <subfield code="e">author</subfield>
   </datafield>
   <datafield ind2=" " ind1=" " tag="260">
      <subfield code="c">2025-06-27</subfield>
   </datafield>
   <datafield ind2=" " ind1=" " tag="520">
      <subfield code="a">The rising global demand for energy, particularly in the context of heating, ventilation, air conditioning, and refrigeration (HVAC&amp;R) systems, necessitates the development of more efficient and environmentally sustainable solutions. This thesis focuses on the numerical resolution of the mass, momentum, and energy Navier-Stokes equations, using both steady-state and transient computational models. The work presents a comprehensive review of turbulence theory and modeling, including Direct Numerical Simulation (DNS), Large-Eddy Simulation (LES), and Reynolds-Averaged Navier-Stokes (RANS) approaches. The main emphasis is placed on the development, implementation, and validation of robust numerical algorithms using the Finite Volume Method (FVM), staggered meshing, and different temporal and spatial discretization schemes. The simulations were performed using the C++ programming language. Benchmark cases, such as 2D transient heat conduction, the SmithHutton problem, the Lid-driven cavity, and Differentially heated cavity flows, are simulated and analyzed to assess the impact of various numerical solution factors on solution accuracy, stability, and computational performance. Particular attention was given to the comparison of different convective schemes, with a main focus on the Central Difference (CDS), Upwind Difference (UDS), Second-Order Upwind Linear Extrapolation (SUDS), and Quadratic Upwind Interpolation for Convective Kinematics (QUICK) convective schemes, as well as the mesh convergence studies. Furthermore, the numerical results were verified by comparing them to benchmark solutions. Additionally, energy budgets were discussed, with the analysis of the convective schemes impact. The findings advance the understanding of CFD methodologies applied to HVAC&amp;R systems, providing a basis for future research aimed at optimizing the design of next-generation thermal components and equipment, with the goal of reaching a solution to the ever-growing environmental issues caused by the excessive energy demand.</subfield>
   </datafield>
   <datafield ind1="8" ind2=" " tag="024">
      <subfield code="a">http://hdl.handle.net/2117/446385</subfield>
   </datafield>
   <datafield tag="653" ind2=" " ind1=" ">
      <subfield code="a">Àrees temàtiques de la UPC::Energies</subfield>
   </datafield>
   <datafield tag="653" ind2=" " ind1=" ">
      <subfield code="a">Àrees temàtiques de la UPC::Enginyeria mecànica</subfield>
   </datafield>
   <datafield tag="653" ind2=" " ind1=" ">
      <subfield code="a">Fluid dynamics -- Data processing</subfield>
   </datafield>
   <datafield tag="653" ind2=" " ind1=" ">
      <subfield code="a">Navier-Stokes equations</subfield>
   </datafield>
   <datafield tag="653" ind2=" " ind1=" ">
      <subfield code="a">Numerical analysis</subfield>
   </datafield>
   <datafield tag="653" ind2=" " ind1=" ">
      <subfield code="a">Dinàmica de fluids computacional</subfield>
   </datafield>
   <datafield tag="653" ind2=" " ind1=" ">
      <subfield code="a">Equacions de Navier-Stokes</subfield>
   </datafield>
   <datafield tag="653" ind2=" " ind1=" ">
      <subfield code="a">Anàlisi numèrica</subfield>
   </datafield>
   <datafield ind2="0" ind1="0" tag="245">
      <subfield code="a">Numerical resolution of mass, momentum, and energy equations in 3D steady-state and transient models; Application to next generation of HVAC&amp;R components and equipment</subfield>
   </datafield>
</record></metadata></record></GetRecord></OAI-PMH>